000 00369nam a22001457a 4500
003 LRUA
005 20220615134332.0
008 220615b xxu||||| |||| 00| 0 eng d
040 _cSK
082 _a351
100 _aនុត ចន្ថា
245 _aកិច្ចុការរដ្ឋាបាល
260 _aPhnom Penh
_bនុត
_c2006
942 _cKB
_2ddc
999 _c8430
_d8430